ALL North Dakota Cities - Statistics

General Stats
  • This quiz has been taken 67 times
  • The average score is 85 of 356
Answer Stats
County City / Town % Correct
F Cass Fargo
98%
G Grand Forks Grand Forks
95%
B Burleigh Bismarck
90%
M Ward Minot
79%
W Williams Williston
74%
D Ramsey Devils Lake
71%
D Stark Dickinson
71%
J Stutsman Jamestown
71%
B Bowman Bowman
67%
W Cass West Fargo
67%
M Morton Mandan
64%
V Barnes Valley City
62%
B Golden Valley Beach
60%
P Pembina Pembina
60%
W Richland Wahpeton
60%
B Bottineau Bottineau
57%
G Walsh Grafton
57%
C Cass Casselton
55%
M Billings Medora
55%
W McKenzie Watford City
55%
H Traill Hillsboro
52%
S Kidder Steele
52%
C Pembina Cavalier
50%
M Traill Mayville
50%
L Burleigh Lincoln
48%
R Pierce Rugby
48%
T McHenry Towner
48%
E Dickey Ellendale
45%
G Morton Glen Ullin
45%
K Dunn Killdeer
45%
N Morton New Salem
45%
N Mountrail New Town
45%
B Mercer Beulah
43%
C Divide Crosby
43%
H Adams Hettinger
43%
L LaMoure LaMoure
43%
M Walsh Minto
43%
M Hettinger Mott
43%
T Grand Forks Thompson
43%
H Mercer Hazen
40%
H Cass Horace
40%
N Logan Napoleon
40%
A Walsh Adams
38%
B Stark Belfield
38%
C Oliver Center
38%
D Rolette Dunseith
38%
T Cass Tower City
38%
C Foster Carrington
36%
H Wells Harvey
36%
K Ward Kenmare
36%
L Ransom Lisbon
36%
N Hettinger New England
36%
S Mountrail Stanley
36%
V McHenry Velva
36%
Z Mercer Zap
36%
B Ward Burlington
33%
C Towner Cando
33%
D Pembina Drayton
33%
E LaMoure Edgeley
33%
E Grant Elgin
33%
L Grand Forks Larimore
33%
L Benson Leeds
33%
M McLean Max
33%
M Stutsman Medina
33%
O Dickey Oakes
33%
P Traill Portland
33%
R Hettinger Regent
33%
R Stark Richardton
33%
S Ward Surrey
33%
A Slope Amidon
31%
A McIntosh Ashley
31%
B Burke Bowbells
31%
E Ransom Enderlin
31%
G Logan Gackle
31%
G McLean Garrison
31%
G Sargent Gwinner
31%
L Nelson Lakota
31%
L Cavalier Langdon
31%
L Emmons Linton
31%
M Cass Mapleton
31%
M Renville Mohall
31%
N Eddy New Rockford
31%
R Rolette Rolette
31%
R Rolette Rolla
31%
T Williams Tioga
31%
A Cass Argusville
29%
C Grant Carson
29%
F Wells Fessenden
29%
F Steele Finley
29%
F Morton Flasher
29%
G Renville Glenburn
29%
G Golden Valley Golva
29%
H Richland Hankinson
29%
H Morton Hebron
29%
M Sheridan McClusky
29%
N Grand Forks Northwood
29%
P Burke Portal
29%
R Williams Ray
29%
S Stutsman Streeter
29%
U McLean Underwood
29%
W Pembina Walhalla
29%
W McLean Washburn
29%
W McIntosh Wishek
29%
B Cass Buffalo
26%
B Traill Buxton
26%
C Traill Clifford
26%
C Griggs Cooperstown
26%
H Steele Hope
26%
K Cass Kindred
26%
L Bottineau Lansford
26%
M LaMoure Marion
26%
P Walsh Park River
26%
S Bowman Scranton
26%
S Emmons Strasburg
26%
W Burleigh Wing
26%
A McKenzie Alexander
24%
A Morton Almont
24%
A McHenry Anamoose
24%
A Nelson Aneta
24%
A Bottineau Antler
24%
A Cass Arthur
24%
B Ward Berthold
24%
D Ward Des Lacs
24%
D Dunn Dodge
24%
F Sioux Fort Yates
24%
G Traill Galesburg
24%
H Dunn Halliday
24%
H Cass Harwood
24%
H Cass Hunter
24%
K LaMoure Kulm
24%
L Richland Lidgerwood
24%
L Barnes Litchville
24%
M Benson Maddock
24%
M Cavalier Munich
24%
P Cass Page
24%
P Mountrail Parshall
24%
P Nelson Petersburg
24%
S Ward Sawyer
24%
S Stark South Heart
24%
T Kidder Tappen
24%
T Stark Taylor
24%
U McHenry Upham
24%
W Bottineau Westhope
24%
A Richland Abercrombie
21%
A Cass Alice
21%
B Stutsman Buchanan
21%
C Stutsman Cleveland
21%
C Burke Columbus
21%
C Pembina Crystal
21%
D LaMoure Dickey
21%
D McHenry Drake
21%
D Dunn Dunn Center
21%
E Walsh Edinburg
21%
F Walsh Fordville
21%
F Sargent Forman
21%
F Divide Fortuna
21%
G Cass Grandin
21%
G Renville Grano
21%
G McHenry Granville
21%
G Williams Grenora
21%
H Traill Hatton
21%
I Grand Forks Inkster
21%
K Stutsman Kensal
21%
M Grand Forks Manvel
21%
M Slope Marmarth
21%
M Nelson McVille
21%
M McLean Mercer
21%
M Sargent Milnor
21%
N Grant New Leipzig
21%
P Stutsman Pingree
21%
R Bowman Rhame
21%
S Steele Sharon
21%
S Renville Sherwood
21%
S Eddy Sheyenne
21%
S Mercer Stanton
21%
S Rolette St. John
21%
T McLean Turtle Lake
21%
W Bottineau Willow City
21%
W McLean Wilton
21%
A Williams Alamo
19%
A Walsh Ardoch
19%
A Cass Ayr
19%
B Towner Bisbee
19%
B Wells Bowdon
19%
C Ramsey Churchs Ferry
19%
C Richland Colfax
19%
C Ramsey Crary
19%
D Kidder Dawson
19%
D Ward Donnybrook
19%
E Grand Forks Emerado
19%
F Burke Flaxton
19%
G Cass Gardner
19%
H Walsh Hoople
19%
K Barnes Kathryn
19%
L Burke Lignite
19%
M Benson Minnewaukan
19%
M Stutsman Montpelier
19%
M Richland Mooreton
19%
N Bottineau Newburg
19%
N Divide Noonan
19%
P Burke Powers Lake
19%
R Cass Reile's Acres
19%
R McLean Ruso
19%
S Golden Valley Sentinel Butte
19%
S Ramsey Starkweather
19%
S Pembina St. Thomas
19%
W Richland Wyndmere
19%
Y Benson York
19%
Z McIntosh Zeeland
19%
A Divide Ambrose
17%
A Cass Amenia
17%
B LaMoure Berlin
17%
B Griggs Binford
17%
B Emmons Braddock
17%
B Cass Briarwood
17%
B McLean Butte
17%
C Ward Carpio
17%
C McLean Coleharbor
17%
D Richland Dwight
17%
E Ramsey Edmore
17%
E Williams Epping
17%
F Barnes Fingal
17%
F Ransom Fort Ransom
17%
F Cass Frontier
17%
G Stark Gladstone
17%
G Mercer Golden Valley
17%
G Sheridan Goodrich
17%
H Cavalier Hannah
17%
H Emmons Hazelton
17%
J LaMoure Jud
17%
K Benson Knox
17%
L Bottineau Landa
17%
L Walsh Lankin
17%
M Ward Makoti
17%
M Bottineau Maxbass
17%
M Cavalier Milton
17%
M Pembina Mountain
17%
O Barnes Oriska
17%
O Cass Oxbow
17%
P Mountrail Plaza
17%
R Traill Reynolds
17%
S Sioux Solen
17%
T Kidder Tuttle
17%
V LaMoure Verona
17%
A McKenzie Arnegard
14%
B McHenry Balfour
14%
B Pembina Bathgate
14%
B Adams Bucyrus
14%
C Cavalier Calvin
14%
C Richland Christine
14%
D Cass Davenport
14%
F Walsh Fairdale
14%
F Richland Fairmount
14%
F Walsh Forest River
14%
G Grand Forks Gilby
14%
H Griggs Hannaford
14%
H Towner Hansboro
14%
H Wells Hurdsfield
14%
K McHenry Karlsruhe
14%
K Bottineau Kramer
14%
L Cass Leonard
14%
L Renville Loraine
14%
M Sheridan Martin
14%
M Foster McHenry
14%
M Nelson Michigan City
14%
M Rolette Mylo
14%
N Barnes Nome
14%
N Cass North River
14%
P Kidder Pettibone
14%
P Mercer Pick City
14%
P Cass Prairie Rose
14%
R Adams Reeder
14%
R Towner Rocklake
14%
R Mountrail Ross
14%
R Ward Ryder
14%
T Renville Tolley
14%
W Williams Wildrose
14%
W Barnes Wimbledon
14%
W Pierce Wolford
14%
B Pierce Balta
12%
B Richland Barney
12%
B McLean Benedict
12%
B McHenry Bergen
12%
B Benson Brinsmade
12%
D Barnes Dazey
12%
D McHenry Deering
12%
D Ward Douglas
12%
E Towner Egeland
12%
E Benson Esmond
12%
F Dickey Forbes
12%
G Bottineau Gardena
12%
G Bowman Gascoyne
12%
G Foster Glenfield
12%
G Foster Grace City
12%
G Richland Great Bend
12%
H Sargent Havana
12%
H Adams Haynes
12%
L Barnes Leal
12%
L Grant Leith
12%
L Dickey Ludden
12%
N Pembina Neche
12%
N Cavalier Nekoma
12%
O Cavalier Osnabrock
12%
P Mountrail Palermo
12%
P Towner Perth
12%
P Barnes Pillsbury
12%
R Kidder Robinson
12%
R Barnes Rogers
12%
S Cavalier Sarles
12%
S Sioux Selfridge
12%
S Ransom Sheldon
12%
S Stutsman Spiritwood Lake
12%
S Wells Sykeston
12%
T Nelson Tolna
12%
W Benson Warwick
12%
W Mountrail White Earth
12%
A Cavalier Alsen
10%
B Ramsey Brocket
10%
C Cavalier Calio
10%
C Pembina Canton City
10%
C Wells Cathay
10%
C Sargent Cayuga
10%
C Sargent Cogswell
10%
C Walsh Conway
10%
C Stutsman Courtenay
10%
E Ransom Elliott
10%
F Logan Fredonia
10%
F Dickey Fullerton
10%
H Emmons Hague
10%
H Wells Hamberg
10%
H Pembina Hamilton
10%
H Ramsey Hampden
10%
K McHenry Kief
10%
L Ramsey Lawton
10%
L Logan Lehr
10%
L Cavalier Loma
10%
L Steele Luverne
10%
M Richland Mantador
10%
M Dickey Monango
10%
N Grand Forks Niagara
10%
O Benson Oberon
10%
O Bottineau Overly
10%
P Nelson Pekin
10%
R Burleigh Regan
10%
R McLean Riverdale
10%
R Sargent Rutland
10%
S Barnes Sanborn
10%
S Barnes Sibley
10%
S Bottineau Souris
10%
V McHenry Voltaire
10%
W Richland Walcott
10%
W Cavalier Wales
10%
P Walsh Pisek
7%
S Williams Springbrook
7%
V McIntosh Venturia
7%
W Stutsman Woodworth
7%
No matching quizzes found
Score Distribution
Percent of People with Each Score
Percentile by Number Answered
Your Score History
You have not taken this quiz